| 000 | 00000nam##2200000za#4500 |
| 001 | 9.597971 |
| 003 | CaOODSP |
| 005 | 20210624204316 |
| 007 | cr ||||||||||| |
| 008 | 150406|1999||||xxc|||||o f|0| 0 fre|d |
| 040 | |aCaOODSP|bfre |
| 043 | |an-cn--- |
| 086 | 1 |aTU3-5/99-4F-PDF |
| 110 | 2 |aBureau de la sécurité des transports du Canada. |
| 245 | 10|aImpact sans perte de contrôle (avec un lac) - Slave Air (1998) Ltd., Beech King Air C90 C-GSAX, 3 nm au nord-ouest de Slave Lake (Alberta), le 19 février 1999 |h[ressource électronique] |
| 260 | |aGatineau - Québec : |bBureau de la sécurité des transports du Canada |c[2000]. |
| 300 | |a19p.|bglossaire, tableaux |
| 490 | 1 |aRapport d'enquête aéronautique |vA99W0031 |
| 500 | |a«Le présent rapport met fin à l'enquête du Bureau de la sécurité des transports sur cet accident. Le Bureau a autorisé la publication du rapport le 20 avril 2000.»--Page 18 sur 19. |
| 590 | |a10-10-Supp|b2010-11-09 |
| 775 | 08|tControlled flight into terrain (lake) - Slave Air (1998) Ltd., Beech King Air C90 C-GSAX, Slave Lake, Alberta 3 nm NW, 19 February 1999 |w(CaOODSP)9.566498 |
| 830 | #0|aRapport d'enquête aéronautique ;|vA99W0031|w(CaOODSP)9.501229 |
| 856 | 40|ahttp://publications.gc.ca|qPDF|s61 Ko|uhttps://publications.gc.ca/collections/collection_2009/bst-tsb/TU3-5-99-4F.pdf|yA99W0031 |